Pla d'acció cultural de Viladecans
Publicado:
Barcelona :
Diputació de Barcelona. Àrea de Cultura. Centre d'Estudis i Recursos Culturals (CERC) : Ajuntament de Viladecans ,
2007
Descripción Física:
62 p. : taules ; 30 cm
MARC
| LEADER | 00000nam a2200000Ia 4500 | ||
|---|---|---|---|
| 001 | 19424 | ||
| 008 | 160829s2007 xx 000 0 cat d | ||
| 080 | |a M-5-440 | ||
| 245 | |a Pla d'acció cultural de Viladecans | ||
| 260 | |a Barcelona : |b Diputació de Barcelona. Àrea de Cultura. Centre d'Estudis i Recursos Culturals (CERC) : |b Ajuntament de Viladecans, |c 2007 | ||
| 300 | |a 62 p. : |b taules ; |c 30 cm | ||
| 651 | 0 | |a Viladecans (Catalunya) |x Política cultural |9 55166 | |
| 710 | 1 | |a Barcelona (Catalunya : Província). |b Centre d'Estudis i Recursos Culturals |9 52487 | |
| 710 | 1 | |a Barcelona (Catalunya : Província). |b Àrea de Cultura |9 53536 | |
| 710 | 1 | |a Viladecans (Catalunya). |b Ajuntament |9 54292 | |
| 901 | |a Arxiu | ||
| 942 | |n 1 | ||
| 952 | |0 0 |1 0 |4 0 |6 M5440 |7 1 |9 49380 |a Arxiu |b Arxiu |d 2016-12-01 |l 0 |o M-5-440 |p 19424 |r 2016-12-01 00:00:00 |w 2016-12-01 |y ARXIU | ||
| 999 | |c 53222 |d 53222 | ||